[Event "PSS Prestige Rapid 2017"]
[Site "Johannesburg RSA"]
[Date "2017.04.23"]
[Round "9.2"]
[White "Amonatov,F"]
[Black "Pon,M"]
[Result "1-0"]
[WhiteElo "2632"]
[BlackElo "2165"]

1.e4 e6 2.d4 d5 3.e5 c5 4.c3 Nc6 5.Nf3 Qb6 6.a3 a5 7.b3 Bd7 8.Be2 Nh6 9.O-O
Be7 10.Bxh6 gxh6 11.a4 cxd4 12.cxd4 O-O-O 13.Nc3 Kb8 14.Nb5 Na7 15.Nxa7 Kxa7
16.Qd2 Bb4 17.Qxh6 Bc3 18.Rab1 Bxd4 19.b4 axb4 20.a5 Qc5 21.Nxd4 Qxd4 22.Rfd1
Qxe5 23.Qd2 Bc6 24.Rxb4 Rhg8 25.f4 Qg7 26.g3 e5 27.a6 b6 28.Rc1 Rd6 29.Rxb6
Kxb6 30.Qb4+ Kc7 31.Qb7+ Kd8 32.Rxc6 Rd7 33.Qb6+ Ke8 34.a7 {#r} 1-0

[Event "PSS Prestige Rapid 2017"]
[Site "Johannesburg RSA"]
[Date "2017.04.23"]
[Round "9.10"]
[White "Manan,Yoboue Hermann"]
[Black "Paiva,Donaldo"]
[Result "1-0"]
[WhiteElo "2072"]
[BlackElo "2159"]

1.e4 c5 2.Nf3 d6 3.d4 cxd4 4.Nxd4 Nf6 5.Bd3 g6 6.O-O Bg7 7.c3 O-O 8.Qe2 Nc6
9.Nxc6 bxc6 10.f3 Rb8 11.Na3 Nd7 12.Nc4 Nc5 13.Ne3 Nxd3 14.Qxd3 Qb6 15.Re1 a5
16.Kh1 Be6 17.Nd1 d5 18.Be3 Qc7 19.f4 dxe4 20.Qxe4 Rfd8 21.b3 Bf5 22.Qa4 Rd3
23.Rc1 Rbd8 24.Qc4 Qd7 25.Nf2 Rxe3 26.Rxe3 Qd2 27.Rce1 Qxf2 28.R3e2 Qb6
29.Rxe7 Be6 30.R1xe6 Qf2 31.Re1 Rf8 32.Rf1 Qxa2 33.f5 gxf5 34.Rxf5 Qa1+ 35.Rf1
Qxc3 36.Rexf7 Qxc4 37.Rxf8+ Bxf8 38.bxc4 a4 39.Rf6 c5 40.Ra6 Kf7 41.Rxa4 Ke6
42.Ra8 Bg7 43.Ra7 {#r} 1-0

[Event "PSS Prestige Rapid 2017"]
[Site "Johannesburg RSA"]
[Date "2017.04.23"]
[Round "9.11"]
[White "Van Zyl-Rudd,Jack"]
[Black "De Abreu,Roberto N"]
[Result "0-1"]
[WhiteElo "2075"]
[BlackElo "2110"]

1.d4 Nf6 2.c3 c5 3.c4 b5 4.d5 bxc4 5.Qc2 e6 6.e4 exd5 7.Bxc4 Be7 8.exd5 O-O
9.Nf3 d6 10.O-O Nbd7 11.h3 Nb6 12.a4 Nxc4 13.Qxc4 Rb8 14.Re1 Re8 15.Nc3 Bf5
16.Ra2 Bc2 17.Be3 {#R} 0-1

[Event "PSS Prestige Rapid 2017"]
[Site "Johannesburg RSA"]
[Date "2017.04.23"]
[Round "9.12"]
[White "Mazibuko,Khanya"]
[Black "Khumalo,Keith"]
[Result "0-1"]
[WhiteElo "1856"]
[BlackElo "1720"]

1.e4 c5 2.Nc3 a6 3.Nf3 Nc6 4.d4 cxd4 5.Nxd4 g6 6.Be3 Bg7 7.Be2 Nf6 8.O-O O-O
9.a4 Nxd4 10.Bxd4 d6 11.Kh1 Be6 12.f4 Rc8 13.a5 Bc4 14.f5 Bxe2 15.Qxe2 Qc7
16.Qf2 Ng4 17.Qd2 d5 18.e5 Bxe5 19.Nxd5 Qd6 20.Bxe5 Qxe5 21.Rf4 Rfd8 22.c4
Rxc4 23.Nf6+ Kg7 24.Qxd8 Qxf4 25.Nxg4 Rc1+ {#R} 0-1

[Event "PSS Prestige Rapid 2017"]
[Site "Johannesburg RSA"]
[Date "2017.04.23"]
[Round "9.13"]
[White "Parodi,A"]
[Black "Jonker,Waldo"]
[Result "1-0"]
[WhiteElo "2027"]
[BlackElo "1640"]

1.d4 c5 2.d5 e5 3.c4 d6 4.Nc3 Be7 5.g3 Bg5 6.Nf3 Bxc1 7.Qxc1 Nf6 8.Bg2 O-O
9.O-O Ne8 10.a3 a6 11.b4 b6 12.bxc5 bxc5 13.Rb1 Nd7 14.Ng5 h6 15.Ne6 fxe6
16.dxe6 Nb6 17.e7 Qxe7 18.Rxb6 Ra7 19.Qd2 Be6 20.Nd5 Qf7 21.e3 Qg6 22.Rxa6
Raf7 23.f4 Kh8 24.e4 Bxd5 25.f5 Bxc4 26.Ra4 Qf6 27.Rxc4 Ra7 28.a4 Qe7 29.h4
Nf6 30.Rd1 Ra6 31.Bf1 Rfa8 32.a5 Rxa5 33.Qxd6 Qxd6 34.Rxd6 Ng4 35.Be2 Nf6
36.Re6 Nd7 37.Rc2 Ra2 38.Rxa2 Rxa2 39.Bc4 Nf6 40.Bxa2 {#r} 1-0

[Event "PSS Prestige Rapid 2017"]
[Site "Johannesburg RSA"]
[Date "2017.04.23"]
[Round "9.14"]
[White "Simutowe,M"]
[Black "Sadie,Johan Jacobus Hendrik"]
[Result "1-0"]
[WhiteElo "2198"]
[BlackElo "1709"]

1.e4 c6 2.d4 d5 3.Nd2 dxe4 4.Nxe4 Bf5 5.Ng3 Bg6 6.Nf3 Nd7 7.h4 h6 8.h5 Bh7
9.Bd3 Bxd3 10.Qxd3 e6 11.Bd2 Ngf6 12.O-O-O Be7 13.Ne4 Nxe4 14.Qxe4 Nf6 15.Qe2
Qb6 16.Kb1 Ba3 17.Bc1 Nd5 18.Ka1 c5 19.c4 Bxb2+ 20.Qxb2 Qxb2+ 21.Kxb2 Nb6
22.dxc5 Nxc4+ {#r} 1-0

[Event "PSS Prestige Rapid 2017"]
[Site "Johannesburg RSA"]
[Date "2017.04.23"]
[Round "10.1"]
[White "Oberholzer,Francois"]
[Black "Amonatov,F"]
[Result "0-1"]
[WhiteElo "2034"]
[BlackElo "2632"]

1.e4 c5 2.b4 cxb4 3.a3 e6 4.axb4 Bxb4 5.c3 Be7 6.d4 Nf6 7.Bd3 O-O 8.Ne2 Nc6
9.O-O b6 10.f4 d5 11.e5 Ne4 12.Bxe4 dxe4 13.Nd2 Bb7 14.Ng3 Nxd4 15.Ndxe4 Nb5
16.Qe1 Rc8 17.f5 Bxe4 18.Qxe4 Nxc3 19.Qg4 Kh8 20.Rxa7 Rc7 21.Ra1 Qd5 22.f6
gxf6 23.exf6 Bc5+ 24.Kh1 Rg8 25.Qh4 Bf8 26.Rf4 Ne2 27.Rf1 Rc2 28.Ne4 Nc3 {#R}
0-1

[Event "PSS Prestige Rapid 2017"]
[Site "Johannesburg RSA"]
[Date "2017.04.23"]
[Round "10.4"]
[White "Makoto,R"]
[Black "Bornheim,C"]
[Result "1-0"]
[WhiteElo "2378"]
[BlackElo "1968"]

1.Nf3 c5 2.c4 Nf6 3.Nc3 g6 4.g3 Bg7 5.Bg2 Nc6 6.d4 cxd4 7.Nxd4 O-O 8.O-O e5
9.Ndb5 a6 10.Nd6 Qc7 11.c5 Nd4 12.b4 Rb8 13.e3 Ne6 14.Na4 Ne8 15.Bb2 b5
16.Nxc8 Rxc8 17.Nb6 Rd8 18.a4 Nf6 19.axb5 axb5 20.Nd5 Nxd5 21.Qxd5 d6 22.c6
Qb6 23.Rfc1 Nc7 24.Qd2 Rfe8 25.Bd5 Ra8 26.e4 Rxa1 27.Rxa1 Ra8 28.Rxa8+ Nxa8
29.Qg5 Qc7 30.Bc1 Nb6 31.Be3 Kf8 32.Qg4 Bf6 33.Bxb6 Qxb6 34.Qd7 Bd8 {#r} 1-0

[Event "PSS Prestige Rapid 2017"]
[Site "Johannesburg RSA"]
[Date "2017.04.23"]
[Round "10.5"]
[White "Jere,D"]
[Black "Mosetlhe,K"]
[Result "1-0"]
[WhiteElo "2384"]
[BlackElo "2162"]

1.c4 Nf6 2.g3 e6 3.Bg2 d5 4.Nf3 Be7 5.O-O O-O 6.b3 c5 7.Bb2 b6 8.e3 Bb7 9.Nc3
Nbd7 10.Qe2 Re8 11.d3 Bf8 12.Ne1 Qc7 13.f4 dxc4 14.bxc4 Bxg2 15.Nxg2 e5
16.fxe5 Nxe5 17.Rxf6 gxf6 18.Nd5 Qd6 19.Rf1 Bg7 20.Ngf4 b5 21.Nh5 Re6 22.Ndf4
bxc4 23.dxc4 Ree8 24.Nxg7 Kxg7 25.Nh5+ Kh8 26.Nxf6 Re6 27.Qh5 Rxf6 28.Bxe5
{#r} 1-0

[Event "PSS Prestige Rapid 2017"]
[Site "Johannesburg RSA"]
[Date "2017.04.23"]
[Round "10.8"]
[White "De Abreu,Roberto N"]
[Black "Khumalo,Keith"]
[Result "1-0"]
[WhiteElo "2110"]
[BlackElo "1720"]

1.d4 Nf6 2.c4 e6 3.g3 d5 4.Nf3 Be7 5.Bg2 O-O 6.O-O dxc4 7.Na3 c5 8.Nxc4 cxd4
9.Nxd4 Qc7 10.Qb3 Nd5 11.e4 Nb6 12.Nxb6 Qxb6 13.Qxb6 axb6 14.e5 Nd7 15.f4 Bc5
16.Be3 Ra4 17.Rfd1 b5 18.b3 Ra5 19.Kf2 Bxd4 20.Bxd4 Nb8 21.Bc3 Ra6 22.Bb4 Re8
23.Bf1 Bd7 24.Rxd7 Nxd7 25.Bxb5 Rea8 26.Bxa6 bxa6 27.Rd1 Nb6 28.Rd6 Nd5 29.Ba5
g6 30.a4 Kg7 31.b4 Nc3 32.Ke3 Nxa4 33.Kd4 Nb2 34.Kc3 Na4+ 35.Kd4 {#r} 1-0

[Event "PSS Prestige Rapid 2017"]
[Site "Johannesburg RSA"]
[Date "2017.04.23"]
[Round "10.11"]
[White "Parodi,A"]
[Black "Paiva,Donaldo"]
[Result "0-1"]
[WhiteElo "2027"]
[BlackElo "2159"]

1.d4 Nf6 2.c4 g6 3.Nc3 Bg7 4.e4 d6 5.f3 O-O 6.Be3 c6 7.Qd2 a6 8.h4 h5 9.O-O-O
b5 10.Nh3 bxc4 11.Bxc4 d5 12.Bb3 dxe4 13.fxe4 Ng4 14.Kb1 a5 15.Rhf1 e6 16.Ng5
Qe7 17.Na4 Nd7 18.Nc5 Nxc5 19.dxc5 Ba6 20.Rxf7 Rxf7 21.Bxe6 Ne5 22.Bd4 Bc4
23.Bxf7+ Bxf7 24.Qc3 Rd8 25.Rf1 Be8 26.Qb3+ Nf7 27.Bxg7 Kxg7 28.Ne6+ Kg8
29.Nxd8 Qxd8 30.Kc2 Qe7 31.Qc4 Bd7 32.Qd4 Be6 33.Rf6 Kh7 34.b3 Bd7 35.g3 Be6
36.a3 Ne5 37.Rf2 a4 38.bxa4 Nc4 39.Kc3 Qa7 40.Rf6 Bg8 41.Kd3 Qxa4 42.Qd7+ Kh8
43.Ke2 Qc2+ 44.Ke1 Qc3+ {#R} 0-1

[Event "PSS Prestige Rapid 2017"]
[Site "Johannesburg RSA"]
[Date "2017.04.23"]
[Round "10.14"]
[White "Ateka,N"]
[Black "Jonker,Waldo"]
[Result "1-0"]
[WhiteElo "2123"]
[BlackElo "1640"]

1.c4 f5 2.Nc3 Nf6 3.Nf3 e6 4.g3 Be7 5.Bg2 O-O 6.O-O d6 7.d4 a5 8.Ne1 e5 9.e3
Qe8 10.Nd3 e4 11.Nf4 c6 12.d5 Na6 13.a3 g5 14.Ne6 Bxe6 15.dxe6 Nc5 16.f3 Qg6
17.fxe4 Nfxe4 18.Nxe4 fxe4 19.Rxf8+ Rxf8 20.b4 axb4 21.axb4 Nd3 22.Ra7 Qxe6
23.Rxb7 d5 24.b5 dxc4 25.bxc6 Rc8 26.Bd2 Rxc6 27.Qh5 c3 28.Bxc3 Rxc3 29.Qe8+
Kg7 30.Rxe7+ Qxe7 31.Qxe7+ Kh6 32.Qf6+ Kh5 33.Qxc3 {#r} 1-0

[Event "World Schools U17 2017"]
[Site "Iasi ROU"]
[Date "2017.04.23"]
[Round "1.2"]
[White "Levi,Netanel"]
[Black "Macovei,Andrei"]
[Result "0-1"]
[WhiteElo "1997"]
[BlackElo "2329"]

1.e4 c5 2.Nf3 Nc6 3.Bb5 e6 4.Bxc6 bxc6 5.d3 Ne7 6.h4 f6 7.e5 fxe5 8.Nxe5 d6
9.Nf3 e5 10.c3 Nd5 11.d4 exd4 12.cxd4 Ba6 13.Bg5 Qa5+ 14.Qd2 Qxd2+ 15.Kxd2
cxd4 16.Nxd4 h6 17.Be3 Kd7 18.Rh3 Be7 19.Nf5 Nxe3 20.Nxe3 Rhf8 21.Nd1 Rf4
22.Nbc3 Bxh4 23.Ne2 Re4 24.Ndc3 Bg5+ 25.f4 Bxf4+ 26.Nxf4 Rxf4 27.Rf3 Raf8
28.Ke1 {#R} 0-1

[Event "World Schools U17 2017"]
[Site "Iasi ROU"]
[Date "2017.04.23"]
[Round "1.3"]
[White "Vasiesiu,Victor"]
[Black "Albu,George"]
[Result "1-0"]
[WhiteElo "2228"]
[BlackElo "1950"]

1.e4 c5 2.Nf3 e6 3.b3 a6 4.Bb2 d5 5.exd5 exd5 6.d4 Nf6 7.Bd3 Be7 8.dxc5 O-O
9.O-O Nc6 10.Nbd2 Bg4 11.h3 Bh5 12.Qc1 Bxc5 13.Ne5 Qd6 14.Ndf3 Ne4 15.Nxc6
Qxc6 16.Ne5 Qd6 17.Bxe4 dxe4 18.Qg5 Be2 19.Ng4 Bd4 20.Rfd1 Bxd1 21.Rxd1 Qc5
22.Nf6+ Kh8 23.Qxc5 Bxc5 24.Nxe4 b6 25.Rd5 Be7 26.Rd7 Rfe8 27.Ng3 Kg8 28.Nf5
Bf8 29.Rd3 Rad8 30.Nh6+ gxh6 31.Rg3+ Bg7 32.Rxg7+ Kf8 33.Rxh7 Rd1+ 34.Kh2 Rd2
35.Bf6 {#r} 1-0

[Event "World Schools U17 2017"]
[Site "Iasi ROU"]
[Date "2017.04.23"]
[Round "1.5"]
[White "Zubcu,Vlad-George"]
[Black "Popa,Eduard-Adrian"]
[Result "1-0"]
[WhiteElo "2127"]
[BlackElo "1910"]

1.d4 Nf6 2.Nf3 c5 3.g3 b6 4.d5 Bb7 5.c4 e6 6.Nc3 exd5 7.cxd5 b5 8.Bg5 h6
9.Bxf6 Qxf6 10.e4 c4 11.Bg2 Bc5 12.O-O Qb6 13.b3 Qa5 14.Ne2 O-O 15.a4 Rc8
16.axb5 Qxb5 17.Nfd4 Qb6 18.bxc4 Ba6 19.Rb1 Qf6 20.Nb5 Bb6 21.Qd3 d6 22.Bh3
Rc5 23.Nec3 Bxb5 24.Rxb5 Rc7 25.Na4 Bd4 26.Qb3 Na6 27.Rb7 Nc5 28.Rb8+ Kh7
29.Qc2 Rxb8 30.e5+ Qg6 31.Bf5 Bxe5 32.Bxg6+ fxg6 33.Nc3 Rb3 34.Nb5 Re7 35.f4
Bf6 36.f5 {#r} 1-0

[Event "World Schools U17 2017"]
[Site "Iasi ROU"]
[Date "2017.04.23"]
[Round "1.6"]
[White "Ahmad Nazari,Emir Rusyaidi"]
[Black "Ozen,Batuhan"]
[Result "0-1"]
[WhiteElo "1812"]
[BlackElo "2110"]

1.e4 g6 2.d4 Bg7 3.Nf3 d6 4.Bc4 Nf6 5.Nc3 O-O 6.O-O c6 7.a4 Qc7 8.Qe2 e5 9.Be3
Nbd7 10.dxe5 dxe5 11.Rfd1 Ng4 12.Bd2 Nc5 13.h3 Nf6 14.b4 Ne6 15.Bxe6 Bxe6
16.Be3 b6 17.Rd2 h6 18.Rad1 Rfe8 19.Nh2 Kh7 20.Qf3 Rad8 21.Ne2 Qe7 22.c3 Bb3
23.Ra1 Rxd2 24.Bxd2 Rd8 25.Nf1 Qe6 26.a5 b5 27.Be3 Rd3 28.Rc1 Qd7 29.Kh2 a6
30.g4 h5 31.g5 Ne8 32.Qg2 Nc7 33.f3 Ne6 34.Qf2 Bf8 35.h4 Bd1 36.Kg2 c5 37.bxc5
Bxe2 38.Qxe2 Bxc5 39.Bd2 Ba7 40.Rc2 Rd6 41.Kh1 Qc7 42.Qh2 Nd4 43.cxd4 Qxc2
44.Qxe5 Qd3 {#R} 0-1

[Event "World Schools U17 2017"]
[Site "Iasi ROU"]
[Date "2017.04.23"]
[Round "1.8"]
[White "Shah,Bhaven Jay"]
[Black "Calin,Alexandru"]
[Result "0-1"]
[WhiteElo "1699"]
[BlackElo "2049"]

1.e4 d6 2.d4 Nf6 3.Nc3 Nbd7 4.f4 e5 5.Nf3 exd4 6.Qxd4 c6 7.Be3 d5 8.e5 Ng4
9.Bg1 Bc5 10.Qd2 Bxg1 11.Rxg1 h5 12.Qd4 Nf8 13.O-O-O Bf5 14.Qb4 Qb6 15.Qxb6
axb6 16.Nd4 Bd7 17.h3 Nh6 18.Be2 h4 19.Bd3 Ne6 20.Bf5 Nxf4 21.Bxd7+ Kxd7 22.a3
Rae8 23.Nf3 Nf5 24.Ng5 Rh5 25.Nxf7 Re7 26.Rdf1 Ng6 27.Re1 Ng3 28.e6+ Rxe6
29.Na4 Ne2+ {#R} 0-1

[Event "World Schools U17 2017"]
[Site "Iasi ROU"]
[Date "2017.04.23"]
[Round "1.9"]
[White "Banerjee,Abhimanyu"]
[Black "Amirzhanov,Rauan"]
[Result "0-1"]
[WhiteElo "2034"]
[BlackElo "1508"]

1.e4 e5 2.Nf3 Nc6 3.Bc4 Bc5 4.c3 d6 5.d4 exd4 6.cxd4 Bb4+ 7.Bd2 Bxd2+ 8.Nbxd2
Nf6 9.O-O O-O 10.d5 Ne5 11.Nxe5 dxe5 12.Qc2 Bd7 13.Qc3 Qe7 14.b4 c6 15.Rac1
cxd5 16.exd5 b5 17.Bb3 Rac8 18.Qe3 Qxb4 19.Nf3 Rxc1 20.Rxc1 a5 21.Nxe5 a4
22.Nxd7 Nxd7 23.Bc2 Nf6 24.Rd1 Re8 25.Qc1 Nxd5 26.Kf1 Nc3 27.Rd2 Nxa2 28.Bxh7+
Kxh7 29.Rxa2 Kg8 30.Rb2 Qa5 31.Rc2 b4 32.g3 b3 33.Rc3 Qb5+ 34.Kg2 b2 35.Qb1
Ra8 36.Ra3 Qb4 37.Ra2 a3 {#R} 0-1

[Event "World Schools U17 2017"]
[Site "Iasi ROU"]
[Date "2017.04.23"]
[Round "1.10"]
[White "Ciesielski,Marceli"]
[Black "Babazada,Khazar"]
[Result "0-1"]
[WhiteElo "1366"]
[BlackElo "2005"]

1.d4 Nf6 2.c4 g6 3.Nc3 Bg7 4.e4 d6 5.Nf3 O-O 6.Be2 Nc6 7.d5 Nb8 8.O-O e5 9.Ne1
a5 10.Nd3 Na6 11.Be3 b6 12.a3 Nc5 13.f3 Nxd3 14.Bxd3 Nh5 15.Qd2 f5 16.b4 f4
17.Bf2 g5 18.c5 bxc5 19.bxc5 g4 20.fxg4 Bxg4 21.cxd6 cxd6 22.Kh1 Bh6 23.Rg1
Qf6 24.Qb2 Rab8 25.Nb5 Bg5 26.Ra2 Ng3+ 27.Bxg3 fxg3 28.h3 Qh6 29.Bf1 Rf2
30.Qb1 Be3 31.a4 Rbf8 32.Nc3 Rxa2 33.Nxa2 Bxg1 34.Kxg1 Qe3+ 35.Kh1 Be2 36.Bxe2
Qxe2 {#R} 0-1

[Event "ch-CHN w 2017"]
[Site "Xinghua CHN"]
[Date "2017.04.24"]
[Round "2.3"]
[White "Lei Tingjie"]
[Black "Zhang,Lanlin"]
[Result "1-0"]
[WhiteElo "2471"]
[BlackElo "2080"]

1.d4 d5 2.c4 c6 3.Nf3 Nf6 4.e3 e6 5.Bd3 Nbd7 6.b3 Bd6 7.Bb2 O-O 8.Nbd2 Qe7
9.Ne5 Rd8 10.O-O Bc7 11.f4 Nf8 12.Qf3 Ne8 13.h3 f6 14.Ng4 Ng6 15.Rac1 Nd6
16.c5 Nf7 17.Qe2 Re8 18.b4 Bd7 19.a4 a6 20.Rce1 b5 21.Ra1 Reb8 22.Bc3 Qe8
23.Qd1 e5 24.dxe5 fxe5 25.f5 Nf8 26.e4 d4 27.Bb2 Kh8 28.Nf3 Bd8 29.Bc2 Bf6
30.Bb3 bxa4 31.Rxa4 a5 32.Bxf7 Qxf7 33.Nfxe5 Qe7 34.Bxd4 Be8 35.Nxf6 gxf6
36.Ng4 Nd7 37.Qa1 {#r} 1-0

[Event "ch-CHN w 2017"]
[Site "Xinghua CHN"]
[Date "2017.04.24"]
[Round "2.5"]
[White "Wang Jue"]
[Black "Xiao,Yiyi"]
[Result "1-0"]
[WhiteElo "2335"]
[BlackElo "2290"]

1.e4 e5 2.Nf3 Nc6 3.Bb5 a6 4.Ba4 Nf6 5.O-O Nxe4 6.d4 b5 7.Bb3 d5 8.dxe5 Be6
9.c3 Be7 10.Nbd2 Nc5 11.Bc2 d4 12.Nb3 d3 13.Bb1 Nxb3 14.axb3 Bf5 15.Re1 O-O
16.Be3 Qd5 17.Bd4 Rfd8 18.Bxd3 Bxd3 19.Qxd3 Qxb3 20.e6 Bf6 21.exf7+ Qxf7
22.Qe4 Nxd4 23.cxd4 Qd5 24.Qg4 Qd7 25.Re6 Bxd4 26.Nxd4 h5 27.Qe4 Qf7 28.Re1
Rf8 29.f3 {#r} 1-0

[Event "1st BRICS Masters 2017"]
[Site "Fufeng CHN"]
[Date "2017.04.24"]
[Round "4.2"]
[White "Cawdery,D"]
[Black "Li Chao2"]
[Result "0-1"]
[WhiteElo "2434"]
[BlackElo "2720"]

1.e4 c6 2.d4 d5 3.Nc3 dxe4 4.Nxe4 Nf6 5.Nxf6+ exf6 6.Nf3 Bd6 7.Be2 O-O 8.O-O
Re8 9.c3 Nd7 10.Re1 Nf8 11.Be3 Ng6 12.Qc2 Qc7 13.h3 Be6 14.c4 a5 15.a3 Qd7
16.Bf1 Bf5 17.Qc3 a4 18.Rad1 Bc7 19.Qc1 Qd6 20.c5 Qd8 21.d5 cxd5 22.Nd4 Bd7
23.Nb5 Bc6 24.Nxc7 Qxc7 25.Qc3 Nh4 26.Bc1 Re6 27.Rxe6 fxe6 28.Qb4 Ng6 29.f4 e5
30.fxe5 fxe5 31.Be2 Qe7 32.Bg4 Rd8 33.Re1 h6 34.Qc3 d4 35.Qc4+ Bd5 36.Qc2 Nh4
37.Qe2 e4 38.Bf4 {#R} 0-1

[Event "1st BRICS Masters 2017"]
[Site "Fufeng CHN"]
[Date "2017.04.24"]
[Round "4.3"]
[White "Ganguly,S"]
[Black "Motylev,A"]
[Result "1-0"]
[WhiteElo "2640"]
[BlackElo "2658"]

1.Nf3 d5 2.g3 c6 3.Bg2 Bg4 4.O-O Nd7 5.d3 e6 6.h3 Bxf3 7.Bxf3 Bc5 8.Nc3 Ne7
9.d4 Bb6 10.e4 O-O 11.Bg2 a6 12.Re1 Re8 13.Bf4 Ba7 14.Qd2 b5 15.Rad1 Rc8 16.h4
Kh8 17.h5 Ng8 18.a3 h6 19.Qe2 Nb6 20.Qf3 Nd7 21.Bh3 Ngf6 22.Bc1 Kg8 23.Bg2 Qc7
24.e5 Nh7 25.b4 Nb6 26.Bf1 Nc4 27.Bd3 Ng5 28.Bxg5 hxg5 29.Bxc4 bxc4 30.Qg4 Qe7
31.Ne2 f5 32.exf6 Qxf6 33.f4 gxf4 34.Nxf4 Bxd4+ 35.Kg2 e5 36.Ng6 Kh7 37.Rf1
Qd6 38.Rf7 Rc7 39.Ne7 Qh6 40.Qf5+ {#r} 1-0

[Event "1st BRICS Masters 2017"]
[Site "Fufeng CHN"]
[Date "2017.04.24"]
[Round "5.2"]
[White "Sethuraman,S"]
[Black "Steel,H"]
[Result "1-0"]
[WhiteElo "2619"]
[BlackElo "2414"]

1.d4 Nf6 2.c4 g6 3.Nc3 Bg7 4.Nf3 O-O 5.e4 d6 6.Be2 e5 7.d5 a5 8.h3 Na6 9.Be3
Nc5 10.Nd2 Nfd7 11.g4 a4 12.Qc2 Nb6 13.Rg1 c6 14.O-O-O cxd5 15.exd5 f5 16.f3
a3 17.b3 Na6 18.Kb1 Nb4 19.Qc1 e4 20.fxe4 f4 21.Bf2 Nd7 22.Nf3 Ne5 23.Bd4 Qe7
24.Nxe5 Bxe5 25.Bf3 Bd7 26.Qd2 Rfc8 27.Ne2 Na6 28.Bxe5 dxe5 29.d6 Qe8 30.Nc3
Nb4 31.Nd5 Nxd5 32.Qxd5+ Qe6 33.g5 Rc6 34.h4 Kf7 35.Qd3 Qe8 36.Qd5+ Qe6 37.Qd2
Qh3 38.Qc3 b5 39.h5 bxc4 40.hxg6+ hxg6 41.Rh1 Qg3 42.Qxe5 Qxf3 43.Rh7+ Kf8
44.Qh8# 1-0

[Event "1st BRICS Masters 2017"]
[Site "Fufeng CHN"]
[Date "2017.04.24"]
[Round "5.5"]
[White "Yu Yangyi"]
[Black "Cawdery,D"]
[Result "1-0"]
[WhiteElo "2750"]
[BlackElo "2434"]

1.d4 Nf6 2.c4 g6 3.Nc3 d5 4.Bg5 Ne4 5.Bh4 Nxc3 6.bxc3 dxc4 7.e3 Be6 8.Be2 Bg7
9.Nh3 Bxh3 10.gxh3 Qd7 11.Bg3 O-O 12.h4 c5 13.O-O cxd4 14.cxd4 Nc6 15.Bxc4
Rac8 16.Rc1 e5 17.dxe5 Qxd1 18.Rfxd1 Nxe5 19.Bb3 h6 20.Kg2 b5 21.Rxc8 Rxc8
22.Rd5 Nc4 23.Rxb5 a6 24.Rb4 Ne5 25.Rb7 {#r} 1-0

[Event "1st BRICS Masters 2017"]
[Site "Fufeng CHN"]
[Date "2017.04.24"]
[Round "6.2"]
[White "Fier,A"]
[Black "Cawdery,D"]
[Result "1-0"]
[WhiteElo "2562"]
[BlackElo "2434"]

1.d4 Nf6 2.c4 g6 3.f3 d5 4.cxd5 Nxd5 5.e4 Nb6 6.Nc3 Bg7 7.Be3 Nc6 8.Bb5 O-O
9.Nge2 Qd6 10.O-O a6 11.Bxc6 Qxc6 12.b3 Rd8 13.Rc1 Qe8 14.Qe1 Bd7 15.a4 Rac8
16.Qh4 a5 17.Bg5 f6 18.Be3 Qf7 19.Rb1 e6 20.Rfd1 Be8 21.Qe1 Bf8 22.Na2 Ra8
23.Bd2 e5 24.d5 Bc5+ 25.Kh1 c6 26.Bxa5 cxd5 27.b4 Rxa5 28.bxa5 d4 29.axb6 Qxa2
30.Nc3 Qf7 31.a5 Bc6 32.Nb5 Qd7 33.Rdc1 d3 34.Rxc5 d2 35.Qd1 Qd3 36.Nc3 Ba4
37.Qxa4 Qxb1+ 38.Nd1 Kh8 39.h4 Qd3 40.Qc4 {#r} 1-0

[Event "ch-RUS Junior 2017"]
[Site "Loo RUS"]
[Date "2017.04.24"]
[Round "5.1"]
[White "Paravyan,D"]
[Black "Sarana,A"]
[Result "1-0"]
[WhiteElo "2534"]
[BlackElo "2464"]

1.e4 c5 2.Nc3 d6 3.f4 Nc6 4.Nf3 g6 5.Bb5 Bg7 6.Bxc6+ bxc6 7.O-O c4 8.Qe2 Ba6
9.b4 Qb6+ 10.Kh1 Qxb4 11.Rb1 Qa5 12.e5 d5 13.f5 gxf5 14.Nd4 e6 15.Qh5 Ne7
16.Nxe6 Bxe5 17.Ng5 Ng6 18.Rxf5 f6 19.Rxe5+ fxe5 20.Nxh7 Rg8 21.Nf6+ Kf7
22.Nxg8 Rxg8 23.Qf5+ Kg7 24.Qd7+ Kh8 25.Qh3+ Kg7 26.Qd7+ Kh8 27.Qxc6 Rf8
28.Ba3 {#r} 1-0

[Event "ch-RUS Junior Girls 2017"]
[Site "Loo RUS"]
[Date "2017.04.24"]
[Round "5.1"]
[White "Obolentseva,Alexandra"]
[Black "Chernyak,Viktoria"]
[Result "1-0"]
[WhiteElo "2346"]
[BlackElo "2241"]

1.Nf3 d5 2.g3 Nf6 3.d4 e6 4.Bg2 Be7 5.O-O O-O 6.c4 dxc4 7.Qc2 a6 8.Qxc4 b5
9.Qc2 Bb7 10.Bd2 Be4 11.Qc1 Nbd7 12.Ba5 Rc8 13.Nbd2 Ba8 14.a3 Nb6 15.b4 Ne4
16.Nb3 Bd5 17.Qc2 Nc4 18.Ne5 Nxe5 19.dxe5 Bxb3 20.Qxb3 Nd2 21.Qc2 Nxf1 22.Rd1
Bd6 23.Kxf1 Qg5 24.exd6 cxd6 25.Qd3 d5 26.e4 dxe4 27.Bxe4 Qe5 28.Qe2 Qb8
29.Kg2 Rc4 30.Bf3 g6 31.Rd7 Qc8 32.Qd2 Rc3 33.Bb7 Qc4 34.Rc7 {#r} 1-0

[Event "ch-RUS Junior Girls 2017"]
[Site "Loo RUS"]
[Date "2017.04.24"]
[Round "5.3"]
[White "Dimitrova,Aleksandra"]
[Black "Styazhkina,A"]
[Result "0-1"]
[WhiteElo "2246"]
[BlackElo "2222"]

1.e4 e5 2.Nf3 Nc6 3.Bb5 a6 4.Bxc6 dxc6 5.O-O f6 6.d4 Bg4 7.c3 Qd6 8.Be3 O-O-O
9.Nbd2 exd4 10.cxd4 Qe6 11.Qb1 Bd6 12.b4 Re8 13.Re1 Bxf3 14.Nxf3 Qxe4 15.Qb2
Ne7 16.a4 Qd5 17.Reb1 Nf5 18.Bd2 g5 19.b5 g4 20.Ne1 Nxd4 21.Be3 Be5 22.Qd2 Nf5
23.Ra2 Nxe3 24.fxe3 Qxd2 25.Rxd2 cxb5 26.axb5 axb5 27.Rxb5 Bc3 28.Re2 Re4
29.Nd3 Bd4 30.Ra2 Bxe3+ 31.Kf1 Rhe8 32.Ra8+ Kd7 33.Rxe8 Rxe8 34.Rd5+ Ke6 {#R}
0-1

[Event "ch-RUS Junior Girls 2017"]
[Site "Loo RUS"]
[Date "2017.04.24"]
[Round "5.4"]
[White "Shuvalova,Polina"]
[Black "Maltsevskaya,Aleksandra"]
[Result "1-0"]
[WhiteElo "2376"]
[BlackElo "2238"]

1.d4 Nf6 2.c4 g6 3.Nc3 Bg7 4.e4 d6 5.Nge2 O-O 6.Ng3 e5 7.d5 c6 8.Be2 a6 9.O-O
cxd5 10.cxd5 b5 11.b4 h5 12.a4 bxa4 13.Bg5 Nbd7 14.Qxa4 Rb8 15.Bxa6 Bxa6
16.Qxa6 Qc8 17.Rfc1 Qxa6 18.Rxa6 Rxb4 19.Rxd6 Rfb8 20.f3 Rb2 21.Nge2 Ra8
22.Kf2 Nc5 23.Rd1 Nfd7 24.Be3 Bf8 25.Rc6 Rc2 26.Rd2 Rxd2 27.Bxd2 Rb8 28.Nc1
Rb2 29.Ke1 Rb8 30.Kd1 Kg7 31.Kc2 Ra8 32.Be3 Ra3 33.Nd3 Nb3 34.Rc7 Nb8 35.Nxe5
Bd6 36.Nc4 Na1+ 37.Kd2 Rxc3 38.Rxf7+ Kxf7 39.Nxd6+ Ke7 40.Kxc3 Kxd6 41.Bf4+
{#r} 1-0

[Event "81st ch-BUL 2017"]
[Site "Montana BUL"]
[Date "2017.04.24"]
[Round "4.3"]
[White "Georgiev,Ki"]
[Black "Petrov,Martin"]
[Result "1-0"]
[WhiteElo "2633"]
[BlackElo "2438"]

1.d4 Nf6 2.Nf3 e6 3.c4 b6 4.g3 Ba6 5.b3 Bb4+ 6.Bd2 Be7 7.Nc3 c6 8.e4 d5 9.Qc2
dxe4 10.Nxe4 Nbd7 11.Bg2 Rc8 12.O-O O-O 13.Nxf6+ Nxf6 14.Rad1 Bb7 15.Rfe1 h6
16.b4 Qc7 17.Bf4 Bd6 18.Be5 Nd7 19.c5 Nxe5 20.Nxe5 Be7 21.h4 Rfd8 22.Bh3 Rf8
23.Bf1 Bf6 24.Qe4 h5 25.Bd3 g6 26.g4 hxg4 27.Qxg4 Bd8 28.Re3 {#r} 1-0

[Event "81st ch-BUL 2017"]
[Site "Montana BUL"]
[Date "2017.04.24"]
[Round "4.5"]
[White "Enchev,I"]
[Black "Petrov,Marij"]
[Result "1-0"]
[WhiteElo "2482"]
[BlackElo "2465"]

1.d4 g6 2.c4 Bg7 3.e4 c5 4.d5 d6 5.Nc3 e6 6.Bd3 Nf6 7.h3 O-O 8.Nf3 exd5 9.exd5
Re8+ 10.Be3 Bh6 11.O-O Bxe3 12.fxe3 Qe7 13.e4 Nbd7 14.Qd2 a6 15.Rf2 Kg7
16.Raf1 h6 17.e5 dxe5 18.Nh4 Rf8 19.Qc2 Ne8 20.Bxg6 Qxh4 21.Bxf7 e4 22.Nxe4
Ne5 23.Rf4 Qe7 24.Qc3 Nd6 25.Nxd6 Qxd6 26.Qg3+ Kh7 27.Rf6 Qe7 28.Bg6+ Kg7
29.Bf5+ {#r} 1-0